00338nam a2200133Ia 4500003000400000005001700004008004100021040001800062041000800080100003900088110001600127245004400143260001700187OSt20260311094958.0211028s2013 xx 000 0 und d cAIMIT LIBRARY aeng aNandisha, P G; Vanitha, T.g101721 aLanwin Lobo aData proof integrity in cloud storage / aMysorec2013